LEADER 01533nam 2200409 n 450 001 996394614403316 005 20221108101035.0 035 $a(CKB)4940000000120844 035 $a(EEBO)2240912846 035 $a(UnM)99836555 035 $a(EXLCZ)994940000000120844 100 $a19900912d1525 uy | 101 0 $aeng 135 $aurbn||||a|bb| 200 10$a[Reynard the Fox]$b[electronic resource] 210 $a[London $cWynkyn de Worde$dca.1525] 215 $a[2]+ leaves $cill 300 $aTitle, imprint, and suggested publication date from STC. 300 $aA translation, by William Caxton, of: Die historie van Reinaert die vos, gheprent ter goude in hollant by me gheraert leeu Jnt iaer Mcccc en Lxxix.--Blades, William Caxton, v.2 p.87. 300 $a31 lines a page; printed in 95 textura with s³, w² , w³.--STC. 300 $aAnother edition of STC 20919, published in Westminster by William Caxton, 1481. 300 $aImperfect; a fragment, consisting of four mutilated leaves. 300 $aReproduction of the original in Cambridge Univesity Library. 330 $aeebo-0021 606 $aFoxes$xFolklore$vEarly works to 1800 606 $aFolklore$zEurope$vEarly works to 1800 615 0$aFoxes$xFolklore 615 0$aFolklore 701 $aCaxton$b William$fca. 1422-1491.$0196637 801 0$bCu-RivES 801 1$bCu-RivES 801 2$bCStRLIN 801 2$bWaOLN 906 $aBOOK 912 $a996394614403316 996 $aReynard the Fox$92313594 997 $aUNISA LEADER 01046nam0-2200349---450 001 990010032710403321 005 20241015102359.0 010 $a0-300-02126-7 035 $a001003271 035 $aFED01001003271 035 $a(Aleph)001003271FED01 035 $a001003271 100 $a20160127d1980----km-y0itay50------ba 101 0 $aeng 102 $aUS 105 $ay-------001yy 200 1 $aDialogue and dialectic$eeight hermeneutical studien on Plato$fHans Georg Gadamer$granslated and with an introduction by P. Christopher Smith 210 $aNew Haven ; London$cYale University Press$d1980 215 $aXV, 221 p.$d24 cm 307 $aContiene indici 610 0 $aPlato 676 $a184 676 $a193 700 1$aGadamer,$bHans-Georg$f<1900-2002>$0142427 702 1$aSmith,$bP. Christopher 801 0$aIT$bUNINA$gRICA$2UNIMARC 901 $aBK 912 $a990010032710403321 952 $a184 PLAT/S 299$bBibl. 2015/631$fFLFBC 959 $aFLFBC 996 $aDialogue and Dialectic$91701589 997 $aUNINA